| Поле | Инд. | ПП | Название | Значение |
|---|---|---|---|---|
| Тип записи | a | |||
| Библиографический уровень | m | |||
| 001 | Контрольный номер | RU/IS/BASE/123170689 | ||
| 005 | Дата корректировки | 20240123162942.3 | ||
| 041 | a | Код языка текста | rus | |
| 084 | a | Индекс другой классификации/Индекс ББК | 9 | |
| 090 | a | Полочн. индекс | 95.2 | |
| x | Авторский знак | G 37 | ||
| 245 | a | Заглавие | GEOFocus | |
| b | Продолж. заглавия | увлекательный мир: Земля | ||
| c | Ответственность | учредитель: Грунер+Яр; гл. ред. Н. Моисеева | ||
| n | Номер части/ раздела | №1/2003 | ||
| 260 | a | Место издания | Москва | |
| b | Издательство | Грунер+Яр | ||
| c | Дата издания | 2003 | ||
| 300 | a | Объем | 114 с. | |
| 500 | a | Примечание | Журнал | |
| a | Примечание | Главная тема номера: Психология флирта: наука страсти нежной | ||
| a | Примечание | Подарочный экземпляр | ||
| 650 | a | Основная рубрика | универсальная тематика | |
| 653 | a | Ключевые слова | архитектура | |
| a | Ключевые слова | космос | ||
| a | Ключевые слова | медицина | ||
| a | Ключевые слова | природа | ||
| a | Ключевые слова | флирт | ||
| 773 | w | Контрольный № источника | RU/IS/BASE/407523519 | |
| 901 | t | Тип документа | s |